[Event "Knighthood Blitz"]
[Site "Vishy Anand Arena"]
[Date "2020.08.01"]
[Round "3"]
[White "KingBuda"]
[Black "Arunava"]
[Result "1-0"]
[WhiteElo "1620"]
[BlackElo "1807"]
[Annotator "NA"]
[PlyCount "69"]
[EventDate "2020.08.01"]
[EventType "swiss (blitz)"]

1. d4 d5 2. Bf4 Nf6 3. e3 e6 4. Nd2 Bd6 5. Bg3 c5 6. c3 O-O 7. Ngf3 b6 8. Bd3 Bb7 9. Ne5 Qc7 10. f4 Nbd7 11. O-O Ne4 12. Bh4 Nxd2 13. Qxd2 f6 14. Nxd7 Qxd7 15. Qc2 g6 16. Rf3 e5 17. fxe5 fxe5 18. Rxf8+ Rxf8 19. Bxg6 exd4 20. exd4 Qg4 21. Bxh7+ Kh8 22. Bg3 Bxg3 23. hxg3 cxd4 24. Rf1 Rxf1+ 25. Kxf1 dxc3 26. bxc3 d4 27. cxd4 Ba6+ 28. Kg1 Qxd4+ 29. Kh2 Qf6 30. Bf5 Qh6+ 31. Bh3 Qd6 32. Qc3+ Kh7 33. Qe3 Bb7 34. Qf4 Qxf4 35. gxf4 1-0

[Event "Knighthood Blitz"]
[Site "Vishy Anand Arena"]
[Date "2020.08.01"]
[Round "3"]
[White "Lazylemon123"]
[Black "lnram"]
[Result "0-1"]
[WhiteElo "1620"]
[BlackElo "2391"]
[Annotator "NA"]
[PlyCount "50"]
[EventDate "2020.08.01"]
[EventType "swiss (blitz)"]

1. e4 c5 2. Nf3 e6 3. Bc4 a6 4. a3 b5 5. Ba2 Bb7 6. Nc3 d6 7. d3 Nf6 8. Bd2 Be7 9. Qe2 O-O 10. O-O-O Nc6 11. h4 b4 12. Nb1 bxa3 13. Nxa3 Nd4 14. Nxd4 cxd4 15. g4 d5 16. e5 Nd7 17. g5 Qc7 18. f4 Rac8 19. Rdg1 Bxa3 20. c3 dxc3 21. Be3 cxb2+ 22. Kb1 d4 23. Bf2 Qc1+ 24. Rxc1 Rxc1+ 25. Rxc1 bxc1=Q# 0-1

[Event "Knighthood Blitz"]
[Site "Vishy Anand Arena"]
[Date "2020.08.01"]
[Round "3"]
[White "Leorider5143"]
[Black "Bestluck"]
[Result "0-1"]
[WhiteElo "1620"]
[BlackElo "2115"]
[Annotator "NA"]
[PlyCount "70"]
[EventDate "2020.08.01"]
[EventType "swiss (blitz)"]

1. e4 d5 2. e5 c5 3. Nf3 Bg4 4. Be2 Nc6 5. c3 Bxf3 6. Bxf3 Nxe5 7. d4 Nxf3+ 8. Qxf3 cxd4 9. cxd4 e6 10. Nc3 Ne7 11. Bf4 Nf5 12. Be3 Bb4 13. a3 Bxc3+ 14. bxc3 Qc7 15. Rc1 O-O 16. O-O Qd6 17. a4 Qa6 18. Ra1 Rac8 19. Bd2 Rc4 20. Bf4 Rfc8 21. Rfc1 Rxa4 22. Rxa4 Qxa4 23. h3 Qb3 24. g4 Nxd4 25. Qd3 Rc4 26. Be5 Nc6 27. Bf4 b6 28. Be3 h6 29. Kg2 Ne5 30. Qd2 a5 31. Bf4 Ng6 32. Be3 a4 33. Bd4 a3 34. Ra1 Ra4 35. Qc2 Qxc2 0-1

[Event "Knighthood Blitz"]
[Site "Vishy Anand Arena"]
[Date "2020.08.01"]
[Round "3"]
[White "Masters22"]
[Black "Shikhar karn"]
[Result "0-1"]
[WhiteElo "1620"]
[BlackElo "1444"]
[Annotator "NA"]
[PlyCount "76"]
[EventDate "2020.08.01"]
[EventType "swiss (blitz)"]

1. d4 Nf6 2. Nc3 e6 3. e4 d5 4. e5 Ne4 5. Bd3 Nxc3 6. bxc3 Nc6 7. Nf3 Be7 8. O-O f6 9. Bf4 h5 10. h3 g5 11. Bh2 f5 12. c4 dxc4 13. Bxc4 Bd7 14. c3 g4 15. hxg4 hxg4 16. Nd2 Bg5 17. Qc2 Bxd2 18. Qxd2 Qh4 19. Qf4 O-O-O 20. Qg3 Qh5 21. a4 Rh7 22. d5 exd5 23. e6 Bxe6 24. Bd3 Rdh8 25. f3 Qxh2+ 26. Qxh2 Rxh2 27. Kf2 gxf3 28. Rg1 fxg2 29. Rxg2 Ne5 30. Be2 Rxg2+ 31. Kxg2 Rg8+ 32. Kf2 a6 33. Rh1 Ng4+ 34. Kf3 c5 35. Rh7 d4 36. cxd4 Bd5+ 37. Kf4 cxd4 38. Kxf5 Nf2 0-1

[Event "Knighthood Blitz"]
[Site "Vishy Anand Arena"]
[Date "2020.08.01"]
[Round "3"]
[White "Openyagami"]
[Black "Pshyaamnikhil"]
[Result "1-0"]
[WhiteElo "1620"]
[BlackElo "2372"]
[PlyCount "67"]
[EventDate "2020.08.01"]
[EventType "swiss (blitz)"]

1. c4 Nf6 2. Nf3 e6 3. g3 d5 4. Bg2 d4 5. O-O Nc6 6. e3 e5 7. Re1 Be7 8. exd4 exd4 9. a3 a5 10. d3 O-O 11. Bg5 h6 12. Bxf6 Bxf6 13. Nbd2 Bf5 14. Ne4 Re8 15. Qb3 Bxe4 16. Rxe4 Rxe4 17. dxe4 Qd6 18. Rd1 a4 19. Qxb7 Rb8 20. Qa6 Rxb2 21. Qxa4 d3 22. e5 Qc5 23. Rd2 Rxd2 24. Nxd2 Nxe5 25. Qa8+ Kh7 26. Qd5 Qxa3 27. Be4+ g6 28. f4 Qc1+ 29. Nf1 d2 30. fxe5 d1=Q 31. Qxf7+ Kh8 32. Qxf6+ Kg8 33. Qxg6+ Kf8 34. Qf6+ 1-0

[Event "Knighthood Blitz"]
[Site "Vishy Anand Arena"]
[Date "2020.08.01"]
[Round "3"]
[White "Sonubist"]
[Black "Davidcheetah"]
[Result "0-1"]
[WhiteElo "1620"]
[BlackElo "1710"]
[Annotator "NA"]
[PlyCount "34"]
[EventDate "2020.08.01"]
[EventType "swiss (blitz)"]

1. e4 d6 2. d4 Nf6 3. f3 c6 4. c4 e6 5. Be3 Be7 6. Qb3 Nbd7 7. Nc3 O-O 8. Bd3 a5 9. Nge2 c5 10. d5 Ne5 11. Rd1 Nxd3+ 12. Rxd3 exd5 13. exd5 Bf5 14. Rd1 a4 15. Qa3 Qb6 16. O-O Qa5 17. Nb5 Rfe8 0-1

[Event "Knighthood Blitz"]
[Site "Vishy Anand Arena"]
[Date "2020.08.01"]
[Round "3"]
[White "Thee_Riddler"]
[Black "Sohamshirode28"]
[Result "1-0"]
[WhiteElo "1620"]
[BlackElo "1496"]
[Annotator "NA"]
[PlyCount "79"]
[EventDate "2020.08.01"]
[EventType "swiss (blitz)"]

1. e4 c5 2. Nf3 d6 3. d4 cxd4 4. Qxd4 Nc6 5. Bb5 Bd7 6. Bxc6 Bxc6 7. O-O Nf6 8. Nc3 g6 9. Bg5 Bg7 10. Qe3 O-O 11. Rad1 h6 12. Bxh6 Ng4 13. Qf4 Nxh6 14. e5 dxe5 15. Nxe5 Qc7 16. Rfe1 Bxe5 17. Qxh6 Bg7 18. Qh4 e6 19. Rd3 Qa5 20. Rh3 Qh5 21. Qg3 Qf5 22. Qh4 Qh5 23. Qg3 Qf5 24. f3 e5 25. Ne4 Bxe4 26. fxe4 Qf4 27. Qxf4 exf4 28. Rb3 Rfe8 29. Rxb7 Rf8 30. c3 g5 31. e5 Rfb8 32. Rxb8+ Rxb8 33. Re2 Bxe5 34. Rxe5 Rxb2 35. Re8+ Kg7 36. Re7 Rb1+ 37. Kf2 Kf6 38. Rxa7 Rb2+ 39. Kf3 Rc2 40. Ra6+ 1-0

[Event "Knighthood Blitz"]
[Site "Vishy Anand Arena"]
[Date "2020.08.01"]
[Round "3"]
[White "Ishwar Lal Patel"]
[Black "himplanet"]
[Result "0-1"]
[WhiteElo "1614"]
[BlackElo "2144"]
[PlyCount "74"]
[EventDate "2020.08.01"]
[EventType "swiss (blitz)"]

1. d4 d5 2. Nf3 e6 3. Bf4 Nf6 4. c3 c5 5. e3 Nc6 6. h3 Be7 7. Nbd2 O-O 8. Be2 a6 9. O-O b5 10. dxc5 Bxc5 11. Nb3 Bd6 12. Bg5 Be7 13. Nbd4 Bb7 14. Bd3 Ne4 15. Bxe7 Nxe7 16. Bc2 Qb6 17. Ne5 Rad8 18. Qd3 Ng6 19. Nxg6 hxg6 20. a4 b4 21. a5 Qc5 22. Nb3 Qe7 23. f3 Nc5 24. Nxc5 Qxc5 25. cxb4 Qxb4 26. b3 Rc8 27. Ra4 Qc3 28. Bb1 Qxd3 29. Bxd3 Rc3 30. Rb4 Rxd3 31. Rxb7 Rc8 32. Rb1 Rc2 33. b4 Rdd2 34. b5 Rxg2+ 35. Kf1 Rcf2+ 36. Ke1 Ra2 37. bxa6 Rg1# 0-1

[Event "Knighthood Blitz"]
[Site "Vishy Anand Arena"]
[Date "2020.08.01"]
[Round "3"]
[White "Monideepbanerjee"]
[Black "ABCD64"]
[Result "0-1"]
[WhiteElo "1611"]
[BlackElo "1559"]
[Annotator "NA"]
[PlyCount "74"]
[EventDate "2020.08.01"]
[EventType "swiss (blitz)"]

1. e4 e6 2. d4 d5 3. e5 c5 4. dxc5 Bxc5 5. f4 Qb6 6. Qe2 Nc6 7. Qb5 Bf2+ 8. Kd1 Bxg1 9. Qxb6 Bxb6 10. Rg1 Bxg1 11. Bd2 Nge7 12. Nc3 a6 13. Ke2 Bd7 14. h3 O-O 15. g4 Ba7 16. Bg2 Nd4+ 17. Kd1 Rac8 18. Rc1 Nb5 19. Nxb5 Bxb5 20. Bc3 Rfd8 21. Bb4 Rd7 22. b3 d4 23. a4 Bc6 24. Bxc6 Nxc6 25. Ba3 d3 26. cxd3 Rxd3+ 27. Ke2 Re3+ 28. Kd2 Rd8+ 29. Bd6 h5 30. Rh1 Nxe5 31. fxe5 Rxe5 32. Kc3 Rxd6 33. gxh5 Rc5+ 34. Kb4 a5+ 35. Ka3 Rc2 36. Ra1 Bc5+ 37. b4 Rd3# 0-1

[Event "Knighthood Blitz"]
[Site "Vishy Anand Arena"]
[Date "2020.08.01"]
[Round "3"]
[White "Vijayreddy29"]
[Black "Toosieslide"]
[Result "0-1"]
[WhiteElo "1608"]
[BlackElo "1985"]
[Annotator "NA"]
[PlyCount "78"]
[EventDate "2020.08.01"]
[EventType "swiss (blitz)"]

1. d4 d5 2. c4 c6 3. Nc3 Nf6 4. Bf4 e6 5. e3 Bd6 6. Bxd6 Qxd6 7. Nf3 Nbd7 8. Bd3 O-O 9. O-O b6 10. Qc2 Bb7 11. Rac1 Rac8 12. Rfe1 c5 13. Nb5 Qb8 14. b3 cxd4 15. Nbxd4 e5 16. Nf5 e4 17. Ne7+ Kh8 18. Nxc8 Rxc8 19. Be2 exf3 20. Bxf3 dxc4 21. bxc4 Bxf3 22. gxf3 Ne5 23. Qf5 Nxc4 24. Red1 b5 25. Kh1 Rg8 26. e4 a6 27. f4 Qb7 28. f3 Ne3 29. Qc5 Nxd1 30. Rxd1 h6 31. Kg2 Re8 32. e5 Nh5 33. Rd4 Qe7 34. Qc6 Rd8 35. Rxd8+ Qxd8 36. Qe4 Qd2+ 37. Kh3 Nxf4+ 38. Kg4 Qg2+ 39. Kxf4 Qg5# 0-1

[Event "Knighthood Blitz"]
[Site "Vishy Anand Arena"]
[Date "2020.08.01"]
[Round "3"]
[White "Mohit chandwani"]
[Black "Chess1311"]
[Result "0-1"]
[WhiteElo "1590"]
[BlackElo "1636"]
[Annotator "NA"]
[PlyCount "92"]
[EventDate "2020.08.01"]
[EventType "swiss (blitz)"]

1. g3 Nf6 2. Bg2 d5 3. b3 c5 4. Bb2 Nc6 5. d3 e5 6. Nf3 Bd6 7. Bc1 Bg4 8. Bg5 O-O 9. Nbd2 h6 10. Bxf6 Qxf6 11. Rb1 Nb4 12. a3 Na2 13. e4 Nc3 14. Qc1 Nxb1 15. Qxb1 d4 16. Qd1 b5 17. a4 bxa4 18. bxa4 Rfb8 19. Nc4 Bc7 20. O-O Rb4 21. a5 Qd8 22. Qa1 Bxf3 23. Bxf3 Qd7 24. c3 Ra4 25. Qb2 dxc3 26. Qxc3 Qd4 27. Qb3 Rb4 28. Qc2 Rab8 29. Rd1 Rb3 30. Kg2 Qc3 31. Qxc3 Rxc3 32. h4 Rb4 33. Be2 Rc2 34. Bf1 Ra4 35. Ne3 Rb2 36. Nd5 Bxa5 37. Ne7+ Kf8 38. Nf5 Raa2 39. Kh3 Rxf2 40. Bg2 Rxg2 41. Kg4 h5+ 42. Kg5 f6+ 43. Kxh5 Rad2 44. Nd6 Rxd1 45. Nb7 Rxg3 46. Nxa5 g6+ 0-1

[Event "Knighthood Blitz"]
[Site "Vishy Anand Arena"]
[Date "2020.08.01"]
[Round "3"]
[White "Architsaigal"]
[Black "Karsanjib"]
[Result "1-0"]
[WhiteElo "1587"]
[BlackElo "1323"]
[Annotator "NA"]
[PlyCount "71"]
[EventDate "2020.08.01"]
[EventType "swiss (blitz)"]

1. e4 e6 2. d4 d5 3. Nc3 dxe4 4. Nxe4 Nf6 5. Nxf6+ Qxf6 6. Nf3 Nc6 7. Bg5 Qg6 8. Bd3 f5 9. O-O h6 10. Bh4 Be7 11. Bxe7 Nxe7 12. Ne5 Qf6 13. Qh5+ g6 14. Qf3 Nd5 15. Rfe1 Bd7 16. Nxd7 Kxd7 17. c4 Nb4 18. Bf1 c6 19. Red1 Rac8 20. a3 Na6 21. Rac1 Rhd8 22. d5 exd5 23. cxd5 Kc7 24. dxc6 bxc6 25. Bxa6 Rxd1+ 26. Rxd1 Rd8 27. Rxd8 Qxd8 28. Qf4+ Kb6 29. Bf1 Qc7 30. Qxh6 Qd6 31. Qe3+ Kc7 32. Qc3 Kb6 33. Qg7 Kc5 34. Qc3+ Kd5 35. b4 Ke6 36. Qe3+ 1-0

[Event "Knighthood Blitz"]
[Site "Vishy Anand Arena"]
[Date "2020.08.01"]
[Round "3"]
[White "Sougata"]
[Black "Sairam Ramabadra"]
[Result "0-1"]
[WhiteElo "1541"]
[BlackElo "1712"]
[Annotator "NA"]
[PlyCount "110"]
[EventDate "2020.08.01"]
[EventType "swiss (blitz)"]

1. e4 e5 2. Nf3 Nf6 3. d3 Nc6 4. Bg5 h6 5. Bh4 Be7 6. Nc3 O-O 7. Be2 d6 8. Bg3 Be6 9. a3 Nd7 10. h4 f5 11. exf5 Rxf5 12. h5 d5 13. Nh4 Rf7 14. Ng6 Bf6 15. Bg4 Qe8 16. Qe2 Nd4 17. Qd1 Bxg4 18. Qxg4 Nxc2+ 19. Ke2 Nxa1 20. Rxa1 c6 21. Re1 Nc5 22. Kd2 Qe6 23. Qe2 Bg5+ 24. Kc2 d4 25. Ne4 Qb3+ 26. Kb1 Qxd3+ 27. Qxd3 Nxd3 28. Rd1 Nf4 29. Nd6 Rd7 30. Ne4 Nxg6 31. Nxg5 hxg5 32. hxg6 Re8 33. f3 Re6 34. Bf2 Rxg6 35. Re1 Re6 36. Bg3 d3 37. Rd1 e4 38. fxe4 Rxe4 39. Kc1 Re2 40. Be1 Rc2+ 41. Kb1 Rxg2 42. Bc3 g4 43. Ka2 g3 44. Kb3 Rf2 45. Rg1 g2 46. Bd4 Rxd4 47. Kc3 d2 48. Rd1 Rf1 49. Rxd2 Rxd2 50. Kxd2 g1=Q 51. Kd3 Rd1+ 52. Kc3 Qf1 53. Kb3 Qd3+ 54. Ka2 Qc4+ 55. b3 Qc2# 0-1

[Event "Knighthood Blitz"]
[Site "Vishy Anand Arena"]
[Date "2020.08.01"]
[Round "3"]
[White "theraisingsun"]
[Black "Raunak_Bhatnagar"]
[Result "1-0"]
[WhiteElo "1516"]
[BlackElo "1287"]
[Annotator "NA"]
[PlyCount "33"]
[EventDate "2020.08.01"]
[EventType "swiss (blitz)"]

1. b3 e5 2. Bb2 Nc6 3. g3 d5 4. Bg2 Nf6 5. e3 Bf5 6. Ne2 Bb4 7. O-O O-O 8. f4 exf4 9. Nxf4 d4 10. Bxc6 bxc6 11. Bxd4 c5 12. Bb2 Qd7 13. Nh5 Nxh5 14. Qxh5 Qd8 15. Qxf5 g6 16. Qe5 Re8 17. Qg7# 1-0

[Event "Knighthood Blitz"]
[Site "Vishy Anand Arena"]
[Date "2020.08.01"]
[Round "3"]
[White "HRICK2008"]
[Black "Entropicacogen"]
[Result "1-0"]
[WhiteElo "1512"]
[BlackElo "1620"]
[Annotator "NA"]
[PlyCount "111"]
[EventDate "2020.08.01"]
[EventType "swiss (blitz)"]

1. d4 e5 2. dxe5 Nc6 3. Nf3 Qe7 4. Nc3 Nxe5 5. Nxe5 Qxe5 6. e3 d5 7. Bd2 c6 8. Be2 Bf5 9. O-O Bd6 10. g3 Bb4 11. Bf3 Bh3 12. Bg2 Bxg2 13. Kxg2 Nf6 14. f4 Qe6 15. a3 Ba5 16. Qf3 Ne4 17. Nxe4 dxe4 18. Qe2 Bxd2 19. Qxd2 O-O 20. Rad1 Rfd8 21. Qc3 h6 22. Rd2 Rxd2+ 23. Qxd2 Qe7 24. Rd1 f5 25. Qd7 Qxd7 26. Rxd7 b5 27. b4 Rc8 28. Kf2 c5 29. bxc5 Rxc5 30. Rxa7 Rxc2+ 31. Kg1 Rc3 32. Kf2 Rc2+ 33. Kg1 Re2 34. Ra5 Rxe3 35. Rxb5 Rxa3 36. Rxf5 e3 37. Kf1 Kh7 38. Ke2 g6 39. Re5 h5 40. h4 Kg7 41. Rxe3 Rxe3+ 42. Kxe3 Kf6 43. Kd4 Kf5 44. Ke3 Kg4 45. Kf2 Kh3 46. Kf3 Kh2 47. g4 hxg4+ 48. Kxg4 Kg2 49. h5 Kh2 50. hxg6 Kg2 51. g7 Kf2 52. g8=Q Ke3 53. f5 Ke4 54. f6 Ke5 55. f7 Ke6 56. f8=Q+ 1-0

[Event "Knighthood Blitz"]
[Site "Vishy Anand Arena"]
[Date "2020.08.01"]
[Round "3"]
[White "Dr_Deep_Chesh"]
[Black "samjrao"]
[Result "0-1"]
[WhiteElo "1501"]
[BlackElo "1803"]
[Annotator "NA"]
[PlyCount "56"]
[EventDate "2020.08.01"]
[EventType "swiss (blitz)"]

1. e4 d5 2. exd5 c6 3. dxc6 Nxc6 4. Bc4 e5 5. Nc3 Bc5 6. Nf3 Nf6 7. O-O O-O 8. d3 h6 9. Re1 Bg4 10. h3 Bxf3 11. Qxf3 Nd4 12. Qg3 Kh7 13. Bb3 Nf5 14. Qf3 Nd4 15. Qd1 Qc7 16. Be3 Rae8 17. Rb1 a6 18. Bxd4 exd4 19. Rxe8 Rxe8 20. Nd5 Nxd5 21. Bxd5 b5 22. Be4+ g6 23. Qf3 f5 24. Bd5 Qe5 25. Bf7 Re7 26. Bb3 Bd6 27. Kf1 Qh2 28. Re1 Qh1# 0-1

[Event "Knighthood Blitz"]
[Site "Vishy Anand Arena"]
[Date "2020.08.01"]
[Round "3"]
[White "Virgog"]
[Black "Syamantak"]
[Result "1/2-1/2"]
[WhiteElo "1484"]
[BlackElo "1390"]
[Annotator "NA"]
[PlyCount "115"]
[EventDate "2020.08.01"]
[EventType "swiss (blitz)"]

1. e4 e5 2. Nf3 Nc6 3. Bc4 Bc5 4. c3 Nf6 5. d3 d6 6. Nbd2 O-O 7. Nf1 a6 8. h3 Na5 9. Bb3 Nxb3 10. axb3 h6 11. g4 Be6 12. Ng3 Qd7 13. Bd2 Rfe8 14. O-O Rad8 15. Nf5 Bxf5 16. gxf5 c6 17. b4 Ba7 18. Kh2 d5 19. Qe2 dxe4 20. dxe4 Qd3 21. Rae1 Qxe2 22. Rxe2 Rd3 23. Kg3 Red8 24. Be3 Nxe4+ 25. Kg2 Bxe3 26. fxe3 Nd2 27. Nxe5 Nxf1 28. Nxd3 Rxd3 29. Kxf1 Kf8 30. Kf2 Ke7 31. Kf3 Kf6 32. Kf4 Rd1 33. e4 Rh1 34. e5+ Ke7 35. Kg4 Rf1 36. h4 f6 37. e6 h5+ 38. Kxh5 Rxf5+ 39. Kg6 Re5 40. Rxe5 fxe5 41. Kxg7 e4 42. h5 e3 43. h6 e2 44. h7 e1=Q 45. h8=Q Qe5+ 46. Kh7 Qh5+ 47. Kg7 Qxh8+ 48. Kxh8 Kxe6 49. Kg7 Kd5 50. Kf7 b5 51. Ke7 c5 52. Kd7 cxb4 53. cxb4 Kc4 54. Kc6 Kxb4 55. Kb6 Kb3 56. Kxa6 b4 57. Kb5 Kxb2 58. Kxb4 1/2-1/2

[Event "Knighthood Blitz"]
[Site "Vishy Anand Arena"]
[Date "2020.08.01"]
[Round "3"]
[White "Mraa"]
[Black "sohanpatnaik"]
[Result "1-0"]
[WhiteElo "1475"]
[BlackElo "1418"]
[Annotator "NA"]
[PlyCount "53"]
[EventDate "2020.08.01"]
[EventType "swiss (blitz)"]

1. e4 e5 2. Nf3 Nc6 3. d4 exd4 4. Nxd4 Nxd4 5. Qxd4 d6 6. Nc3 Nf6 7. Be3 Be7 8. O-O-O Bd7 9. f3 c5 10. Qd2 Qa5 11. Kb1 a6 12. Nd5 Qxd2 13. Rxd2 Nxd5 14. exd5 b5 15. h4 a5 16. g4 b4 17. Bg2 a4 18. Re1 Kd8 19. Bf2 a3 20. b3 Bf6 21. Rdd1 Kc7 22. Bg3 Rhe8 23. g5 Bd8 24. Re4 Rxe4 25. fxe4 Kb7 26. e5 dxe5 27. d6+ 1-0

[Event "Knighthood Blitz"]
[Site "Vishy Anand Arena"]
[Date "2020.08.01"]
[Round "3"]
[White "PrabhuBadkas"]
[Black "Samudragupta"]
[Result "0-1"]
[WhiteElo "1451"]
[BlackElo "2385"]
[Annotator "TA"]
[PlyCount "52"]
[EventDate "2020.08.01"]
[EventType "swiss (blitz)"]

1. e4 Nc6 2. d4 e5 3. d5 Nce7 4. Nf3 Ng6 5. Be3 Nf6 6. Nc3 Bb4 7. Bd3 O-O 8. O-O d6 9. h3 h6 10. a3 Ba5 11. b4 Bb6 12. Qd2 Nh5 13. Nh2 Nhf4 14. Bxf4 Nxf4 15. Ng4 Qh4 16. Ne2 Nxd3 17. cxd3 Bxg4 18. hxg4 Qxg4 19. Ng3 Qxg3 20. a4 Qg5 21. Qe2 a5 22. b5 f5 23. Kh2 fxe4 24. Kg1 e3 25. fxe3 Bxe3+ 26. Kh2 Qh4# 0-1

[Event "Knighthood Blitz"]
[Site "Vishy Anand Arena"]
[Date "2020.08.01"]
[Round "3"]
[White "Angappan"]
[Black "Padmaesh M K"]
[Result "0-1"]
[WhiteElo "1439"]
[BlackElo "1752"]
[Annotator "NA"]
[PlyCount "102"]
[EventDate "2020.08.01"]
[EventType "swiss (blitz)"]

1. e4 c5 2. Nf3 d6 3. d4 cxd4 4. Nxd4 Nf6 5. Nc3 a6 6. Be2 Nc6 7. O-O e5 8. Nb3 Be7 9. Be3 O-O 10. f4 Qc7 11. Kh1 Rd8 12. Qe1 Bg4 13. Bd3 b5 14. a3 b4 15. axb4 Nxb4 16. Qg3 Be6 17. fxe5 dxe5 18. Bh6 Nh5 19. Qf3 Nxd3 20. cxd3 Bxb3 21. Qxh5 gxh6 22. Qxh6 Bf8 23. Qg5+ Bg7 24. Qf5 Be6 25. Qf3 Qd7 26. Rad1 Bg4 27. Qg3 Bxd1 28. Rxd1 Rab8 29. Nd5 Qe6 30. Qg5 Qg6 31. Qh4 Rxd5 32. exd5 Rxb2 33. Qd8+ Bf8 34. Rg1 Qd6 35. Qg5+ Bg7 36. Qc1 Rb5 37. Qc8+ Bf8 38. Qg4+ Bg7 39. Qc4 Qc5 40. Qxc5 Rxc5 41. g3 Rxd5 42. Ra1 Rxd3 43. Rxa6 Bf8 44. Ra5 Re3 45. Kg2 Re2+ 46. Kf3 Rxh2 47. Rxe5 Rh6 48. Rg5+ Rg6 49. Rg4 Rxg4 50. Kxg4 Kg7 51. Kf5 Be7 0-1

[Event "Knighthood Blitz"]
[Site "Vishy Anand Arena"]
[Date "2020.08.01"]
[Round "3"]
[White "Cool_chess"]
[Black "suresh agarwal"]
[Result "0-1"]
[WhiteElo "1434"]
[BlackElo "1436"]
[Annotator "NA"]
[PlyCount "72"]
[EventDate "2020.08.01"]
[EventType "swiss (blitz)"]

1. e4 e5 2. Nf3 Nf6 3. Nxe5 Bc5 4. d4 Bb6 5. Bd3 Qe7 6. c3 d6 7. Nf3 Nxe4 8. O-O d5 9. Re1 O-O 10. Nbd2 Bf5 11. Qc2 Re8 12. c4 c6 13. c5 Ba5 14. a3 Bxd2 15. Nxd2 Qh4 16. Nxe4 Bxe4 17. Bxe4 Rxe4 18. Rxe4 Qxe4 19. Qxe4 dxe4 20. Bf4 Nd7 21. Re1 Re8 22. g4 Nf6 23. h3 h6 24. f3 Nd5 25. Bd6 e3 26. f4 f6 27. f5 Kf7 28. Kg2 Re4 29. Kf3 Rxd4 30. b4 Rd3 31. Ra1 Rd2 32. Ke4 e2 33. Re1 Rd1 34. Rxe2 Nc3+ 35. Ke3 Nxe2 36. Kxe2 Ra1 0-1

[Event "Knighthood Blitz"]
[Site "Vishy Anand Arena"]
[Date "2020.08.01"]
[Round "3"]
[White "Sohammdh"]
[Black "Sanjo_hunter"]
[Result "1-0"]
[WhiteElo "1433"]
[BlackElo "1623"]
[Annotator "NA"]
[PlyCount "115"]
[EventDate "2020.08.01"]
[EventType "swiss (blitz)"]

1. e4 c5 2. Nf3 d6 3. Bc4 Bg4 4. O-O Nc6 5. h3 Bh5 6. Be2 e5 7. c3 Be7 8. d3 h6 9. Be3 Qd7 10. Nbd2 Nf6 11. d4 O-O 12. dxe5 Nxe5 13. Nxe5 Bxe2 14. Nxd7 Bxd1 15. Nxf6+ Bxf6 16. Raxd1 Rfe8 17. f3 Rad8 18. Nc4 b6 19. Nxd6 Re6 20. Nf5 Ree8 21. Nd6 Re6 22. Nb7 Rb8 23. Nd6 Be5 24. Nc4 Bf6 25. Rd7 Ra8 26. Rfd1 Ree8 27. Nd6 Rf8 28. Nb5 a6 29. Nc7 Ra7 30. Nd5 Raa8 31. Nxf6+ gxf6 32. Bxh6 Rfe8 33. R7d6 Re6 34. Rxe6 fxe6 35. Rd6 Kh7 36. Be3 Kg6 37. Rxe6 Rd8 38. Rxb6 Rd3 39. Kf2 Rd7 40. Bxc5 Rc7 41. Bd4 Rd7 42. Rxf6+ Kh7 43. Rxa6 Rb7 44. b4 Rc7 45. a4 Rb7 46. Ra8 Rf7 47. a5 Rb7 48. a6 Rd7 49. a7 Kg6 50. Rg8+ Kf7 51. a8=Q Re7 52. Qf8+ Ke6 53. Rg6+ Kd7 54. Bc5 Re8 55. Rd6+ Kc7 56. Qxe8 Kb7 57. Qc6+ Kb8 58. Rd8# 1-0

[Event "Knighthood Blitz"]
[Site "Vishy Anand Arena"]
[Date "2020.08.01"]
[Round "3"]
[White "IamNihar"]
[Black "divyang2003"]
[Result "0-1"]
[WhiteElo "1426"]
[BlackElo "1429"]
[Annotator "NA"]
[PlyCount "112"]
[EventDate "2020.08.01"]
[EventType "swiss (blitz)"]

1. e4 e5 2. Nf3 Nc6 3. Nc3 Bc5 4. Bc4 Nf6 5. O-O O-O 6. d3 h6 7. Be3 Bb6 8. Qd2 d6 9. h3 Bxe3 10. fxe3 Ne7 11. Rf2 Ng6 12. Raf1 Be6 13. Nd5 Bxd5 14. Bxd5 Nxd5 15. exd5 Qd7 16. d4 e4 17. Nh2 f5 18. Qe2 Rf6 19. Qh5 Raf8 20. g4 Ne7 21. gxf5 Rxf5 22. Rxf5 Rxf5 23. Rxf5 Qxf5 24. Qe8+ Qf8 25. Qxf8+ Kxf8 26. Kf2 Kf7 27. Ng4 h5 28. Nh2 Kf6 29. Kg3 Ng6 30. Nf1 Kg5 31. Nd2 h4+ 32. Kf2 Kf5 33. a4 Ne7 34. Nc4 Nxd5 35. Na5 b6 36. Nc6 Nb4 37. Nxb4 a5 38. Nc6 g5 39. Nd8 g4 40. hxg4+ Kxg4 41. Nf7 h3 42. Kg1 Kg3 43. Nh6 h2+ 44. Kh1 Kf3 45. Nf5 Ke2 46. Kxh2 Kd2 47. Ng7 Kxc2 48. Ne8 Kxb2 49. Nxc7 Kc3 50. Na8 Kd3 51. Nxb6 Kxe3 52. Nc8 Kxd4 53. Nxd6 e3 54. Nb7 e2 55. Nxa5 e1=Q 56. Nc6+ Kd5 0-1

[Event "Knighthood Blitz"]
[Site "Vishy Anand Arena"]
[Date "2020.08.01"]
[Round "3"]
[White "adireddyarjun"]
[Black "Tapa1964"]
[Result "1-0"]
[WhiteElo "1422"]
[BlackElo "1967"]
[Annotator "NA"]
[PlyCount "117"]
[EventDate "2020.08.01"]
[EventType "swiss (blitz)"]

1. e4 e6 2. d4 d5 3. Bd3 Nf6 4. e5 Nfd7 5. f4 c5 6. c3 Nc6 7. Nf3 cxd4 8. cxd4 f6 9. O-O Be7 10. Nc3 a6 11. Be3 b5 12. Ne1 Qb6 13. Qh5+ Kd8 14. Nc2 Nb4 15. Nxb4 Bxb4 16. Bxh7 Nf8 17. exf6 Rxh7 18. fxg7 Rxg7 19. Nxd5 exd5 20. Qxd5+ Ke7 21. Qe5+ Kf7 22. d5 Bc5 23. Bxc5 Qxc5+ 24. Kh1 Bg4 25. h3 Bd7 26. Qh5+ Kg8 27. Rac1 Qd6 28. Qf3 Rc8 29. Rxc8 Bxc8 30. f5 Qg3 31. Qxg3 Rxg3 32. f6 Kf7 33. Rc1 Bd7 34. Rc7 Rd3 35. Ra7 Rxd5 36. Rxa6 Rf5 37. Rd6 Rxf6 38. Rd4 Rf1+ 39. Kh2 Bc6 40. h4 Rf2 41. Rg4 Ng6 42. h5 Ne5 43. Rg3 Nf3+ 44. Kh3 Ng1+ 45. Kh4 Ne2 46. Rg4 Rxg2 47. Rxg2 Bxg2 48. Kg5 Be4 49. h6 Kg8 50. Kf6 Bh7 51. Ke5 Nf4 52. Kxf4 Kf7 53. Ke5 Ke7 54. Kd4 Kf6 55. Kc5 Bd3 56. Kd4 Bc4 57. b3 Kg6 58. h7 Kxh7 59. b4 1-0

[Event "Knighthood Blitz"]
[Site "Vishy Anand Arena"]
[Date "2020.08.01"]
[Round "3"]
[White "Adireddytarun"]
[Black "Anandfan"]
[Result "0-1"]
[WhiteElo "1398"]
[BlackElo "1851"]
[Annotator "NA"]
[PlyCount "50"]
[EventDate "2020.08.01"]
[EventType "swiss (blitz)"]

1. d4 Nf6 2. c4 c5 3. Nc3 cxd4 4. Qxd4 Nc6 5. Qd1 g6 6. Nf3 Bg7 7. g3 O-O 8. Bg2 d6 9. O-O Be6 10. b3 Ne4 11. Nxe4 Bxa1 12. Bf4 Bg7 13. Qd2 d5 14. cxd5 Qxd5 15. Qxd5 Bxd5 16. Ned2 e5 17. Be3 Rfd8 18. Nc4 f6 19. Rc1 Rac8 20. Ncd2 f5 21. Bc5 Nd4 22. Nxd4 Bxg2 23. Kxg2 exd4 24. Rc4 b6 25. Be7 Re8 0-1

[Event "Knighthood Blitz"]
[Site "Vishy Anand Arena"]
[Date "2020.08.01"]
[Round "3"]
[White "Cheetah2020"]
[Black "Shadow_master"]
[Result "0-1"]
[WhiteElo "1385"]
[BlackElo "2098"]
[Annotator "NA"]
[PlyCount "42"]
[EventDate "2020.08.01"]
[EventType "swiss (blitz)"]

1. e4 c5 2. d3 Nc6 3. Nf3 g6 4. c4 Bg7 5. Nc3 d6 6. Bg5 h6 7. Bf4 e6 8. e5 dxe5 9. Bxe5 Nxe5 10. Nxe5 Bxe5 11. Be2 Ne7 12. O-O O-O 13. Ne4 b6 14. Bf3 Rb8 15. Qd2 Bg7 16. Rae1 Nf5 17. Qf4 Bb7 18. g4 Nd4 19. g5 hxg5 20. Qxg5 Nxf3+ 21. Kh1 Nxg5 0-1

[Event "Knighthood Blitz"]
[Site "Vishy Anand Arena"]
[Date "2020.08.01"]
[Round "3"]
[White "Devraj"]
[Black "Vamsidasarik"]
[Result "0-1"]
[WhiteElo "1384"]
[BlackElo "1651"]
[Annotator "NA"]
[PlyCount "54"]
[EventDate "2020.08.01"]
[EventType "swiss (blitz)"]

1. d3 b6 2. c4 Bb7 3. e3 g6 4. Nh3 Bg7 5. Qa4 e6 6. Be2 Bxg2 7. Rg1 Bxh3 8. Bf3 c6 9. d4 Nf6 10. Nc3 O-O 11. e4 d5 12. Bg5 Qc7 13. cxd5 exd5 14. exd5 cxd5 15. Bxf6 Bxf6 16. Nxd5 Qxh2 17. Nxf6+ Kg7 18. Ne8+ Rxe8+ 19. Qxe8 Qxg1+ 20. Kd2 Qxa1 21. Bxa8 Nd7 22. Qe3 Qxb2+ 23. Ke1 Bf5 24. Bf3 Qb1+ 25. Bd1 Bc2 26. Qd2 Qxd1+ 27. Qxd1 Bxd1 0-1